Paul Simon - Self-Titled Album (Tracks) - Statistics

General Stats
  • This quiz has been taken 11 times
  • The average score is 6 of 11
Answer Stats
Track Number Track Name % Correct
1 Mother and Child Reunion
100%
2 Duncan
86%
6 Me and Julio Down by the Schoolyard
86%
8 Papa Hobo
71%
5 Armistice Day
57%
11 Congratulations
57%
10 Paranoia Blues
57%
9 Hobo's Blues
43%
7 Peace Like a River
43%
4 Run That Body Down
29%
3 Everything Put Together Falls Apart
14%
No matching quizzes found
Score Distribution
Percent of People with Each Score
Percentile by Number Answered
Your Score History
You have not taken this quiz